Monumentos del mundo - Estadísticas

Estadísticas generales
  • Esta prueba ha sido intentada 264 veces
  • La puntuación promedio es 134 de 144
Estadísticas de respuestas
Pregunta Azulejo Select % Correcto
Seleccioná el monumento que se encuentra en Río de Janeiro No
96%
Seleccioná el monumento que se encuentra en Río de Janeiro No
96%
Seleccioná el monumento que se encuentra en Río de Janeiro No
96%
Seleccioná el monumento que se encuentra en Río de Janeiro No
96%
Seleccioná el monumento que se encuentra en Río de Janeiro No
96%
Seleccioná el monumento que se encuentra en Nueva York No
96%
Seleccioná el monumento que se encuentra en Nueva York No
96%
Seleccioná el monumento que se encuentra en Nueva York No
96%
Seleccioná el monumento que se encuentra en Nueva York No
96%
Seleccioná el monumento que se encuentra en Nueva York No
96%
Seleccioná el monumento que se encuentra en Nueva York No
96%
Seleccioná el monumento que se encuentra en Río de Janeiro No
95%
Seleccioná el monumento que se encuentra en Río de Janeiro No
95%
Seleccioná el monumento que se encuentra en Río de Janeiro No
95%
Seleccioná el monumento que se encuentra en Río de Janeiro No
95%
Seleccioná el monumento que se encuentra en Río de Janeiro No
95%
Seleccioná el monumento que se encuentra en Nueva York No
95%
Seleccioná el monumento que se encuentra en Nueva York No
95%
Seleccioná el monumento que se encuentra en Nueva York No
95%
Seleccioná el monumento que se encuentra en Nueva York No
95%
Seleccioná el monumento que se encuentra en Nueva York No
95%
Seleccioná el monumento que se encuentra en Río de Janeiro No
94%
Seleccioná el monumento que se encuentra en Atenas No
94%
Seleccioná el monumento que se encuentra en Atenas No
94%
Seleccioná el monumento que se encuentra en Atenas No
94%
Seleccioná el monumento que se encuentra en Atenas No
94%
Seleccioná el monumento que se encuentra en Atenas No
94%
Seleccioná el monumento que se encuentra en Atenas No
94%
Seleccioná el monumento que se encuentra en Atenas No
94%
Seleccioná el monumento que se encuentra en Atenas No
94%
Seleccioná el monumento que se encuentra en Atenas No
94%
Seleccioná el monumento que se encuentra en Nueva York
94%
Seleccioná el monumento que se encuentra en Berlín No
94%
Seleccioná el monumento que se encuentra en Berlín No
94%
Seleccioná el monumento que se encuentra en Berlín No
94%
Seleccioná el monumento que se encuentra en Berlín No
94%
Seleccioná el monumento que se encuentra en Moscú No
94%
Seleccioná el monumento que se encuentra en Moscú No
94%
Seleccioná el monumento que se encuentra en Moscú No
94%
Seleccioná el monumento que se encuentra en Moscú No
94%
Seleccioná el monumento que se encuentra en Moscú No
94%
Seleccioná el monumento que se encuentra en Moscú No
94%
Seleccioná el monumento que se encuentra en Moscú No
94%
Seleccioná el monumento que se encuentra en Moscú No
94%
Seleccioná el monumento que se encuentra en Moscú No
94%
Seleccioná el monumento que se encuentra en Moscú No
94%
Seleccioná el monumento que se encuentra en Londres No
94%
Seleccioná el monumento que se encuentra en Londres No
94%
Seleccioná el monumento que se encuentra en Londres No
94%
Seleccioná el monumento que se encuentra en Londres No
94%
Seleccioná el monumento que se encuentra en Londres No
94%
Seleccioná el monumento que se encuentra en Londres No
94%
Seleccioná el monumento que se encuentra en Londres No
94%
Seleccioná el monumento que se encuentra en Londres No
94%
Seleccioná el monumento que se encuentra en Londres No
94%
Seleccioná el monumento que se encuentra en Londres No
94%
Seleccioná el monumento que se encuentra en Londres No
94%
Seleccioná el monumento que se encuentra en Roma No
94%
Seleccioná el monumento que se encuentra en Roma No
94%
Seleccioná el monumento que se encuentra en Roma No
94%
Seleccioná el monumento que se encuentra en Roma No
94%
Seleccioná el monumento que se encuentra en Roma No
94%
Seleccioná el monumento que se encuentra en Roma No
94%
Seleccioná el monumento que se encuentra en Roma No
94%
Seleccioná el monumento que se encuentra en Roma No
94%
Seleccioná el monumento que se encuentra en Roma No
94%
Seleccioná el monumento que se encuentra en Río de Janeiro
93%
Seleccioná el monumento que se encuentra en Atenas No
93%
Seleccioná el monumento que se encuentra en Berlín No
93%
Seleccioná el monumento que se encuentra en Berlín No
93%
Seleccioná el monumento que se encuentra en Berlín No
93%
Seleccioná el monumento que se encuentra en Berlín No
93%
Seleccioná el monumento que se encuentra en Londres
93%
Seleccioná el monumento que se encuentra en Roma No
93%
Seleccioná el monumento que se encuentra en Berlín No
92%
Seleccioná el monumento que se encuentra en Berlín No
92%
Seleccioná el monumento que se encuentra en Moscú
92%
Seleccioná el monumento que se encuentra en Moscú No
92%
Seleccioná el monumento que se encuentra en Barcelona No
92%
Seleccioná el monumento que se encuentra en Barcelona No
92%
Seleccioná el monumento que se encuentra en Barcelona No
92%
Seleccioná el monumento que se encuentra en Barcelona No
92%
Seleccioná el monumento que se encuentra en Barcelona No
92%
Seleccioná el monumento que se encuentra en Barcelona No
92%
Seleccioná el monumento que se encuentra en Barcelona No
92%
Seleccioná el monumento que se encuentra en Barcelona No
92%
Seleccioná el monumento que se encuentra en Barcelona No
92%
Seleccioná el monumento que se encuentra en Barcelona No
92%
Seleccioná el monumento que se encuentra en Pisa No
92%
Seleccioná el monumento que se encuentra en Pisa No
92%
Seleccioná el monumento que se encuentra en Pisa No
92%
Seleccioná el monumento que se encuentra en Pisa No
92%
Seleccioná el monumento que se encuentra en Pisa No
92%
Seleccioná el monumento que se encuentra en Pisa No
92%
Seleccioná el monumento que se encuentra en Pisa No
92%
Seleccioná el monumento que se encuentra en Pisa No
92%
Seleccioná el monumento que se encuentra en Pisa No
92%
Seleccioná el monumento que se encuentra en Pisa No
92%
Seleccioná el monumento que se encuentra en Pisa
92%
Seleccioná el monumento que se encuentra en Pisa No
92%
Seleccioná el monumento que se encuentra en San Francisco No
92%
Seleccioná el monumento que se encuentra en San Francisco No
92%
Seleccioná el monumento que se encuentra en San Francisco No
92%
Seleccioná el monumento que se encuentra en San Francisco No
92%
Seleccioná el monumento que se encuentra en San Francisco No
92%
Seleccioná el monumento que se encuentra en San Francisco No
92%
Seleccioná el monumento que se encuentra en San Francisco No
92%
Seleccioná el monumento que se encuentra en París No
92%
Seleccioná el monumento que se encuentra en París No
92%
Seleccioná el monumento que se encuentra en París
92%
Seleccioná el monumento que se encuentra en París No
92%
Seleccioná el monumento que se encuentra en París No
92%
Seleccioná el monumento que se encuentra en París No
92%
Seleccioná el monumento que se encuentra en París No
92%
Seleccioná el monumento que se encuentra en París No
92%
Seleccioná el monumento que se encuentra en París No
92%
Seleccioná el monumento que se encuentra en París No
92%
Seleccioná el monumento que se encuentra en París No
92%
Seleccioná el monumento que se encuentra en París No
92%
Seleccioná el monumento que se encuentra en Atenas No
91%
Seleccioná el monumento que se encuentra en Roma
91%
Seleccioná el monumento que se encuentra en Roma No
91%
Seleccioná el monumento que se encuentra en Barcelona
91%
Seleccioná el monumento que se encuentra en Barcelona No
91%
Seleccioná el monumento que se encuentra en San Francisco No
91%
Seleccioná el monumento que se encuentra en San Francisco No
91%
Seleccioná el monumento que se encuentra en San Francisco No
91%
Seleccioná el monumento que se encuentra en Atenas
90%
Seleccioná el monumento que se encuentra en Berlín No
90%
Seleccioná el monumento que se encuentra en San Francisco
90%
Seleccioná el monumento que se encuentra en San Francisco No
90%
Seleccioná el monumento que se encuentra en Washington No
89%
Seleccioná el monumento que se encuentra en Washington No
89%
Seleccioná el monumento que se encuentra en Washington No
89%
Seleccioná el monumento que se encuentra en Washington No
89%
Seleccioná el monumento que se encuentra en Washington No
89%
Seleccioná el monumento que se encuentra en Washington No
89%
Seleccioná el monumento que se encuentra en Washington No
89%
Seleccioná el monumento que se encuentra en Washington No
89%
Seleccioná el monumento que se encuentra en Washington No
88%
Seleccioná el monumento que se encuentra en Washington No
88%
Seleccioná el monumento que se encuentra en Washington No
88%
Seleccioná el monumento que se encuentra en Washington
86%
Seleccioná el monumento que se encuentra en Berlín
85%
No se encontraron pruebas coincidentes
Distribución de puntuación
Porcentaje de gente con cada puntuación
Porcentaje por número respondido
Historial de tus puntuaciones
No has intentado esta prueba.